00642nam a2200169 a 450000100100000000500170001000800410002704000250006808200130009324500920010626000760019830000270027470000340030104900090033595201110034499900170045500002836320200930031557.0110408s1984 dr a 000 0 spa d aDO-SdBNPbspacBNPHU axxxbU5801aProyecto de universidad agraria de la UNPHU /cpresentación Jaime A. Viñas Román. aSanto Domingo :bUniversidad Nacional Pedro Henríquez Ureña,c1984. a21 p. :bil. ;c22 cm.1 aViñas Román, Jaime935862 aBNPD 0010718PDaPDbPDcCTd2011-04-08iLF1l0oxxx U58p28363-10r2020-06-25w2020-06-25yLFPDZNo se presta c27855d27855